<?xml version="1.0" encoding="UTF-8"?><?xml-stylesheet type="text/xsl" href="static/style.xsl"?><OAI-PMH xmlns="http://www.openarchives.org/OAI/2.0/" xmlns:xsi="http://www.w3.org/2001/XMLSchema-instance" xsi:schemaLocation="http://www.openarchives.org/OAI/2.0/ http://www.openarchives.org/OAI/2.0/OAI-PMH.xsd"><responseDate>2026-04-17T09:18:26Z</responseDate><request verb="GetRecord" identifier="oai:riubu.ubu.es:10259/10305" metadataPrefix="marc">https://riubu.ubu.es/oai/request</request><GetRecord><record><header><identifier>oai:riubu.ubu.es:10259/10305</identifier><datestamp>2025-03-12T01:05:36Z</datestamp><setSpec>com_10259_3822</setSpec><setSpec>com_10259_5086</setSpec><setSpec>com_10259_2604</setSpec><setSpec>col_10259_3823</setSpec></header><metadata><record xmlns="http://www.loc.gov/MARC21/slim" xmlns:doc="http://www.lyncode.com/xoai" xmlns:xsi="http://www.w3.org/2001/XMLSchema-instance" xmlns:dcterms="http://purl.org/dc/terms/" xsi:schemaLocation="http://www.loc.gov/MARC21/slim http://www.loc.gov/standards/marcxml/schema/MARC21slim.xsd">
<leader>00925njm 22002777a 4500</leader>
<datafield tag="042" ind1=" " ind2=" ">
<subfield code="a">dc</subfield>
</datafield>
<datafield tag="720" ind1=" " ind2=" ">
<subfield code="a">Bello Paredes, Santiago A.</subfield>
<subfield code="e">author</subfield>
</datafield>
<datafield tag="260" ind1=" " ind2=" ">
<subfield code="c">2020-12</subfield>
</datafield>
<datafield tag="520" ind1=" " ind2=" ">
<subfield code="a">El objeto de este estudio se centra en realizar una valoración del impacto&#xd;
legal que ha tenido la contratación pública del material sanitario necesario para&#xd;
combatir la pandemia del COVID-19 en España; centrándose fundamentalmente en la actividad contractual realizada por la Administración General del Estado,&#xd;
la cual ha tenido un especial protagonismo al haber sido quien ha asumido la&#xd;
mayor parte de la adquisición de este material sanitario. Y las resoluciones administrativas adoptadas en la selección de una gran parte de los contratistas han&#xd;
significado una ruptura de las reglas contenidas en la legislación, española y de la&#xd;
Unión Europea, para garantizar su aptitud para contratar, y esta contravención no&#xd;
puede quedar amparada en la excepcionalidad generada por esta crisis sanitaria.</subfield>
</datafield>
<datafield tag="520" ind1=" " ind2=" ">
<subfield code="a">The purpose of this study is focused on carrying out an assessment of the legal&#xd;
impact that the public procurement of the sanitary material necessary to combat the&#xd;
COVID-19 pandemic in Spain has had; focusing mainly on the contractual activity&#xd;
carried out by the General State Administration, which has had a special role as it has&#xd;
been the one who has assumed most of the acquisition of this sanitary material. And&#xd;
the administrative decisions adopted in the selection of a large part of the contractors,&#xd;
have meant a breakdown of the rules contained in the legislation, Spanish and of the&#xd;
European Union, to guarantee their eligibility for contracts, and this contravention&#xd;
cannot be covered by the exceptionality generated by this health crisis.</subfield>
</datafield>
<datafield tag="024" ind2=" " ind1="8">
<subfield code="a">0034-7639</subfield>
</datafield>
<datafield tag="024" ind2=" " ind1="8">
<subfield code="a">http://hdl.handle.net/10259/10305</subfield>
</datafield>
<datafield tag="024" ind2=" " ind1="8">
<subfield code="a">10.18042/cepc/rap.213.16</subfield>
</datafield>
<datafield tag="024" ind2=" " ind1="8">
<subfield code="a">1989-0656</subfield>
</datafield>
<datafield ind1=" " ind2=" " tag="653">
<subfield code="a">COVID-19</subfield>
</datafield>
<datafield ind1=" " ind2=" " tag="653">
<subfield code="a">Contratación pública</subfield>
</datafield>
<datafield ind1=" " ind2=" " tag="653">
<subfield code="a">Aptitud para contratar</subfield>
</datafield>
<datafield ind1=" " ind2=" " tag="653">
<subfield code="a">Solvencia del empresario</subfield>
</datafield>
<datafield ind1=" " ind2=" " tag="653">
<subfield code="a">Material sanitario</subfield>
</datafield>
<datafield ind1=" " ind2=" " tag="653">
<subfield code="a">Public procuremen</subfield>
</datafield>
<datafield ind1=" " ind2=" " tag="653">
<subfield code="a">Eligibility for contracts</subfield>
</datafield>
<datafield ind1=" " ind2=" " tag="653">
<subfield code="a">Employer's solvency</subfield>
</datafield>
<datafield ind1=" " ind2=" " tag="653">
<subfield code="a">Sanitary material</subfield>
</datafield>
<datafield tag="245" ind1="0" ind2="0">
<subfield code="a">COVID-19 y contratación pública: un peligroso cóctel en España</subfield>
</datafield>
</record></metadata></record></GetRecord></OAI-PMH>